[Event "IECC Swiss email"]
[Site "IECC email"]
[Date "1999.03.16"]
[Round "?"]
[White "Tabaka, Andrzej"]
[Black "Wenger, Joseph"]
[Result "1/2-1/2"]
[WhiteElo "1952"]
[BlackElo "1837"]
[PlyCount "55"]
[EventDate "1999.??.??"]
[EventType "tourn (corr)"]
[EventRounds "6"]
[SourceTitle "Corr 2008"]
[Source "ChessBase"]
[SourceDate "2008.06.24"]
[SourceVersion "1"]
[SourceVersionDate "2008.06.24"]
[SourceQuality "1"]

1. d4 Nf6 2. c4 e6 3. Nc3 Bb4 4. e3 c5 5. Bd3 d5 6. Nf3 Nc6 7. 0-0 0-0 8. a3 Bxc3 9. bxc3 dxc4 10. Bxc4 Qc7 11. Qc2 cxd4 12. cxd4 Na5 13. Bd3 Qxc2 14. Bxc2 Bd7 15. Ne5 Bb5 16. Bd3 Bxd3 17. Nxd3 Rfc8 18. Rb1 b6 19. Bd2 Nc4 20. Bb4 a5 21. Be1 Nxa3 22. Rxb6 Nc2 23. Nc5 a4 24. Rb2 Nxe1 25. Rxe1 a3 26. Ra2 Ra7 27. Rea1 Rca8 28. e4 1/2-1/2

[Event "IECC KO email"]
[Site "IECC email"]
[Date "1999.02.15"]
[Round "?"]
[White "Hughes, David M"]
[Black "Tabaka, Andrzej"]
[Result "1-0"]
[WhiteElo "1991"]
[BlackElo "1970"]
[PlyCount "43"]
[EventDate "1999.??.??"]
[EventType "tourn (corr)"]
[EventRounds "6"]
[SourceTitle "Corr 2008"]
[Source "ChessBase"]
[SourceDate "2008.06.24"]
[SourceVersion "1"]
[SourceVersionDate "2008.06.24"]
[SourceQuality "1"]

1. e4 e6 2. d4 d5 3. Nc3 Nf6 4. Bg5 Be7 5. e5 Nfd7 6. Bxe7 Qxe7 7. f4 a6 8. Nf3 c5 9. dxc5 Nxc5 10. Be2 Nc6 11. 0-0 0-0 12. Nd4 f5 13. a3 Bd7 14. Bf3 Rac8 15. Nce2 Ne4 16. Qc1 Na5 17. Rd1 Rc7 18. b3 Rfc8 19. Qe3 Nc3 20. Nxc3 Rxc3 21. Qe1 R3c7 22. Qxa5 1-0

[Event "IECC CL3-1999.09"]
[Site "IECC email"]
[Date "1999.01.31"]
[Round "?"]
[White "Gosme, Emile"]
[Black "Tabaka, Andrzej"]
[Result "1/2-1/2"]
[WhiteElo "1747"]
[BlackElo "1995"]
[PlyCount "28"]
[EventDate "1999.??.??"]
[EventType "tourn (corr)"]
[EventRounds "4"]
[SourceTitle "Corr 2008"]
[Source "ChessBase"]
[SourceDate "2008.06.24"]
[SourceVersion "1"]
[SourceVersionDate "2008.06.24"]
[SourceQuality "1"]

1. d4 Nf6 2. Nc3 d5 3. e4 e6 4. Bg5 Be7 5. e5 Nfd7 6. h4 c5 7. Nb5 f6 8. Bd3 a6 9. Qh5+ Kf8 10. Rh3 axb5 11. Bh6 gxh6 12. Qxh6+ Ke8 13. Qh5+ Kf8 14. Qh6+ Ke8 1/2-1/2

[Event "IECC CL2-1999.02"]
[Site "IECC email"]
[Date "1998.11.26"]
[Round "?"]
[White "Tabaka, Andrzej"]
[Black "Hernandez, Adolfo"]
[Result "1/2-1/2"]
[WhiteElo "2019"]
[BlackElo "1935"]
[PlyCount "31"]
[EventDate "1999.??.??"]
[EventType "tourn (corr)"]
[EventRounds "4"]
[SourceTitle "Corr 2008"]
[Source "ChessBase"]
[SourceDate "2008.06.24"]
[SourceVersion "1"]
[SourceVersionDate "2008.06.24"]
[SourceQuality "1"]

1. e4 d5 2. exd5 Nf6 3. d4 c6 4. Nf3 cxd5 5. Bd3 Nc6 6. c3 Bg4 7. 0-0 e6 8. Bf4 Bd6 9. Bxd6 Qxd6 10. Nbd2 0-0 11. Re1 Rac8 12. Re3 Rfe8 13. Qe1 b6 14. h3 Bf5 15. Ne5 Bxd3 16. Nxd3 1/2-1/2

[Event "IECC KO email"]
[Site "IECC email"]
[Date "1998.11.15"]
[Round "1"]
[White "Hughes, David M"]
[Black "Tabaka, Andrzej"]
[Result "1/2-1/2"]
[WhiteElo "2028"]
[BlackElo "1990"]
[PlyCount "111"]
[EventDate "1998.??.??"]
[EventType "tourn (corr)"]
[EventRounds "6"]
[SourceTitle "Corr 2008"]
[Source "ChessBase"]
[SourceDate "2008.06.24"]
[SourceVersion "1"]
[SourceVersionDate "2008.06.24"]
[SourceQuality "1"]

1. c4 Nf6 2. Nc3 d6 3. d4 g6 4. Nf3 Bg7 5. e4 0-0 6. Be2 Nbd7 7. 0-0 e5 8. dxe5 Nxe5 9. Nxe5 dxe5 10. Be3 c6 11. Qa4 Qe7 12. b4 Qc7 13. Rad1 Be6 14. Bc5 Rfd8 15. Rxd8+ Qxd8 16. Rd1 Nd7 17. Bxa7 f5 18. c5 Qg5 19. Qa5 fxe4 20. Nxe4 Qf4 21. Nd6 Rf8 22. Rf1 Nf6 23. b5 Ne4 24. g3 Qd2 25. Qxd2 Nxd2 26. Rd1 Bh6 27. b6 Bd5 28. a4 e4 29. Nxb7 e3 30. f4 g5 31. Nd6 gxf4 32. gxf4 Kh8 33. Nf5 Rxf5 34. b7 Bxf4 35. b8Q+ Bxb8 36. Bxb8 Rg5+ 37. Bg3 h5 38. Rc1 h4 39. Rc3 hxg3 40. Rxe3 gxh2+ 41. Kxh2 Ne4 42. a5 Nxc5 43. a6 Rg7 44. Rh3+ Kg8 45. Rg3 Rxg3 46. Kxg3 Nd7 47. Bg4 Nb6 48. Kf4 Kf7 49. Ke5 Ke7 50. Kd4 Kd6 51. Be2 c5+ 52. Kc3 Na4+ 53. Kc2 Kc6 54. Bh5 Kb6 55. Be8 Bc6 56. a7 1/2-1/2

[Event "IECC CL2-1998.12"]
[Site "IECC email"]
[Date "1998.07.27"]
[Round "?"]
[White "Romano, Frank C"]
[Black "Tabaka, Andrzej"]
[Result "0-1"]
[WhiteElo "2113"]
[BlackElo "2066"]
[PlyCount "36"]
[EventDate "1998.??.??"]
[EventType "tourn (corr)"]
[EventRounds "4"]
[SourceTitle "Corr 2008"]
[Source "ChessBase"]
[SourceDate "2008.06.24"]
[SourceVersion "1"]
[SourceVersionDate "2008.06.24"]
[SourceQuality "1"]

1. f4 d5 2. Nf3 g6 3. g3 Bg7 4. Bg2 Nf6 5. 0-0 0-0 6. d3 c5 7. Qe1 Nc6 8. e4 dxe4 9. dxe4 e5 10. c3 b6 11. Nh4 Ba6 12. Rf2 Qe7 13. f5 Ng4 14. Rd2 Rad8 15. Na3 c4 16. Rxd8 Rxd8 17. fxg6 Qc5+ 18. Kh1 Rd1 0-1

[Event "IECC CL2-1998.12"]
[Site "IECC email"]
[Date "1998.07.27"]
[Round "?"]
[White "Stanca, Adrian"]
[Black "Tabaka, Andrzej"]
[Result "0-1"]
[WhiteElo "2116"]
[BlackElo "2013"]
[PlyCount "52"]
[EventDate "1998.??.??"]
[EventType "tourn (corr)"]
[EventRounds "4"]
[SourceTitle "Corr 2008"]
[Source "ChessBase"]
[SourceDate "2008.06.24"]
[SourceVersion "1"]
[SourceVersionDate "2008.06.24"]
[SourceQuality "1"]

1. e4 e6 2. d3 d5 3. Nd2 f5 4. exf5 exf5 5. d4 Bd6 6. c4 c6 7. cxd5 cxd5 8. Bb5+ Nc6 9. Nb3 Nf6 10. Ne2 0-0 11. 0-0 Ne4 12. Bf4 a6 13. Bxc6 bxc6 14. f3 Nf6 15. Bxd6 Qxd6 16. Qd2 Re8 17. Nf4 g5 18. Nd3 f4 19. Rfe1 Bf5 20. Nbc5 Bxd3 21. Qxd3 g4 22. Nxa6 gxf3 23. gxf3 Re3 24. Rxe3 fxe3 25. Re1 Qf4 26. Rxe3 Rxa6 0-1

[Event "IECC Trio 579 email"]
[Site "IECC email"]
[Date "1998.07.25"]
[Round "?"]
[White "Ampiainen, Jesper"]
[Black "Tabaka, Andrzej"]
[Result "1/2-1/2"]
[WhiteElo "2037"]
[BlackElo "2067"]
[PlyCount "46"]
[EventDate "1998.??.??"]
[EventType "tourn (corr)"]
[EventRounds "4"]
[SourceTitle "Corr 2008"]
[Source "ChessBase"]
[SourceDate "2008.06.24"]
[SourceVersion "1"]
[SourceVersionDate "2008.06.24"]
[SourceQuality "1"]

1. d4 Nf6 2. c4 g6 3. Nc3 d5 4. Nf3 Bg7 5. Bg5 c6 6. Bxf6 Bxf6 7. cxd5 cxd5 8. Qa4+ Nc6 9. e3 0-0 10. 0-0-0 a6 11. Bd3 Bg4 12. Qb3 e5 13. dxe5 Bxe5 14. Qxd5 Bxc3 15. Qxd8 Bxb2+ 16. Kxb2 Rfxd8 17. Be4 Rac8 18. h3 Bxf3 19. Bxf3 Ne5 20. Be2 Kf8 21. Rxd8+ Rxd8 22. Kc3 Ke7 23. Rd1 Rxd1 1/2-1/2

[Event "IECC Trio 579 email"]
[Site "IECC email"]
[Date "1998.07.25"]
[Round "?"]
[White "Tabaka, Andrzej"]
[Black "Ampiainen, Jesper"]
[Result "1/2-1/2"]
[WhiteElo "2072"]
[BlackElo "2022"]
[PlyCount "54"]
[EventDate "1998.??.??"]
[EventType "tourn (corr)"]
[EventRounds "4"]
[SourceTitle "Corr 2008"]
[Source "ChessBase"]
[SourceDate "2008.06.24"]
[SourceVersion "1"]
[SourceVersionDate "2008.06.24"]
[SourceQuality "1"]

1. d4 d5 2. Nf3 Nf6 3. c4 dxc4 4. Nc3 a6 5. a4 Nc6 6. e4 Bg4 7. Be3 Bxf3 8. gxf3 Na5 9. d5 g6 10. e5 Nh5 11. f4 e6 12. dxe6 fxe6 13. Qg4 Qe7 14. 0-0-0 Bh6 15. Bh3 Ng7 16. Ne4 0-0 17. Nf6+ Rxf6 18. exf6 Qxf6 19. Qf3 c3 20. b4 Nc6 21. Qe4 a5 22. b5 Qe7 23. bxc6 Qa3+ 24. Kc2 Qb2+ 25. Kd3 Rd8+ 26. Bd4 c2 27. Bxe6+ Kf8 1/2-1/2